• 首页
  • 本馆介绍
  • 公告通知
  • 最新文献
  • 馆藏检索
  • 电子资源
  • 读者导购
  • 参考咨询
  • 我的图书馆
  • 登录
  • 详细信息显示
  • 放入我的书架
  • 预约/预借图书
  • 作者相关作品
  • 分类相关作品
  • 丛书相关作品
  • 出版社相关作品

书目信息

  • 表格格式
  • 工作单格式
  • 卡片格式
题名:
恋人絮语
    
 
作者: 巴尔特 著 ;汪耀进 , 武佩荣 译
分册:  
出版信息: 上海   上海人民出版社  2016
页数: 225页
开本: 21cm
丛书名:
单 册:
中图分类: B089 , B565.59
科图分类:
主题词: 解构主义--jie gou zhu yi--研究--法国--现代
电子资源:
ISBN: 978-7-208-13904-6
000 01271nam0 22003131 450
001 1755137598
005 20170605152545.50
010    @a978-7-208-13904-6@dCNY38.00
100    @a20161019d2016 em y0chiy50 ea
101 1  @achi@cfre
102    @aCN@b310000
105    @ay z 000yy
106    @ar
200 1  @a恋人絮语@Alian ren xu yu@dFragments d'un discours amoureux@f(法)罗兰·巴特(Roland Barthes)著@g汪耀进,武佩荣译@zfre
205    @a2版
210    @a上海@c上海人民出版社@d2016
215    @a225页@d21cm
300    @a罗兰·巴特文选
330    @a本书是作者在巴黎高等师范学院开设的一门讨论课,以德国大文豪歌德的名著《少年维特之烦恼》为分析对象,和青年学子们探讨恋爱百态。浪漫的爱情故事在书中被作者拆解成各种情境:嫉妒、疯狂、困惑等等。之后作者又将自己的情感轨迹和心路历程融入到这种分析里,并于1977年付梓成书。
500 10 @a恋人絮语: 一个解构主义的文本
510 1  @aFragments d'un discours amoureux@zfre
606 0  @a解构主义@Ajie gou zhu yi@x研究@y法国@z现代
690    @aB089@v5
690    @aB565.59@v5
701  0 @c(法)@a巴尔特@Aba er te@c(Barthes, Roland@f1915~1980)@4著
702  0 @a汪耀进@Awang yao jin@f(1958~)@4译
702  0 @a武佩荣@Awu pei rong@f(1954~)@4译
801  0 @aCN@bTANGWEI@c20170602
905    @b0972159-61@dB089@e71=2@f3
    
    恋人絮语=Fragments d'un discours amoureux/(法)罗兰·巴特(Roland Barthes)著/汪耀进,武佩荣译.-2版.-上海:上海人民出版社,2016
    225页;21cm
    罗兰·巴特文选
    
    ISBN 978-7-208-13904-6:CNY38.00
    本书是作者在巴黎高等师范学院开设的一门讨论课,以德国大文豪歌德的名著《少年维特之烦恼》为分析对象,和青年学子们探讨恋爱百态。浪漫的爱情故事在书中被作者拆解成各种情境:嫉妒、疯狂、困惑等等。之后作者又将自己的情感轨迹和心路历程融入到这种分析里,并于1977年付梓成书。
●
相关链接 在E读中查询图书 在五车中查询图书 在当当中查询图书 在豆瓣中查询图书


正题名:恋人絮语     索取号:B089/71=2         预约/预借

序号 登录号 条形码 馆藏地/架位号 状态 备注
1 0972159   209721595   第一样本阅览室/ [索取号:B089/71=2] 在馆    
2 0972160   209721602   第一借阅区/ [索取号:B089/71=2] 在馆    
3 0972161   209721611   第一借阅区/ [索取号:B089/71=2] 在馆    
唐山师范学院图书馆 欢迎您!
大连网信软件有限公司© 版权所有